[Event "III Festival il Mare d'Inverno A"]
[Site "Gabicce Mare ITA"]
[Date "2015.01.06"]
[Round "6"]
[White "Banusz, Tamas"]
[Black "Altini, Nicola"]
[WhiteElo "2568"]
[BlackElo "2402"]
[Result "1/2-1/2"]
[PlyCount "116"]
[EventDate "2015.01.02"]

1. Nf3 c5 2. c4 g6 3. d4 cxd4 4. Nxd4 Nc6 5. e4 Bg7 6. Be3 Nf6 7. Nc3 O-O 8.
Be2 d6 9. O-O Nxd4 10. Bxd4 Bd7 11. Qd2 Bc6 12. f3 a5 13. b3 Nd7 14. Bf2 Nc5
15. Rab1 e6 16. Bd1 f5 17. exf5 Rxf5 18. Bc2 Rh5 19. Ne2 Bh6 20. Qd1 Qe7 21.
Ng3 Rh4 22. Ne2 Rh5 23. Re1 Rf8 24. Ng3 Rh4 25. Qe2 Bf4 26. Bxc5 dxc5 27. Qxe6+
Qxe6 28. Rxe6 Bxg3 29. hxg3 Rd4 30. Rbe1 Rd2 31. R1e2 Rfd8 32. Kf2 Rxe2+ 33.
Kxe2 Kf7 34. Re5 b6 35. g4 Kf6 36. Re3 Re8 37. Rxe8 Bxe8 38. Ke3 h6 39. Be4 Bd7
40. Bb7 g5 41. Ke4 Ke6 42. g3 Kd6 43. Bd5 Bc8 44. Ke3 b5 45. a3 Bd7 46. Be4 b4
47. axb4 axb4 48. Bf5 Bc6 49. f4 Bb7 50. Bg6 Bc6 51. Bf7 Bd7 52. Kf3 Bc6+ 53.
Ke3 Bd7 54. Bh5 Bc6 55. Bg6 Bb7 56. Be8 Ke7 57. Bg6 Kd6 58. Bf5 Bc6 1/2-1/2

[Event "III Festival il Mare d'Inverno A"]
[Site "Gabicce Mare ITA"]
[Date "2015.01.06"]
[Round "6"]
[White "Bodiroga, Predrag"]
[Black "Petkov, Vladimir"]
[WhiteElo "2337"]
[BlackElo "2519"]
[Result "0-1"]
[PlyCount "84"]
[EventDate "2015.01.02"]

1. d4 e6 2. e4 d5 3. exd5 exd5 4. Bd3 Nc6 5. c3 Bd6 6. Ne2 Nge7 7. Bf4 Bg4 8.
Qd2 Ng6 9. Bxg6 hxg6 10. Bxd6 Qxd6 11. Qf4 Qxf4 12. Nxf4 O-O-O 13. f3 g5 14.
Ne2 Bd7 15. Nd2 Rh6 16. O-O Rdh8 17. h3 Ne7 18. Rfe1 Rb6 19. b3 Ng6 20. c4 dxc4
21. Nxc4 Ra6 22. Nc3 Re6 23. Ne4 f6 24. d5 Ree8 25. Rac1 Kb8 26. Nc5 Bc8 27. d6
Rxe1+ 28. Rxe1 cxd6 29. Nxd6 Rd8 30. Nxc8 Rxc8 31. Rc1 b6 32. Nd3 Rd8 33. Rc3
Kb7 34. Kf1 a5 35. g3 Ne7 36. Ne1 Nf5 37. g4 Nh4 38. Ke2 Ng6 39. Nd3 Rh8 40.
Nf2 Nf4+ 41. Kd2 Rd8+ 42. Kc2 Nd5 0-1

[Event "C.to Provinciale GE"]
[Site "Genova ITA"]
[Date "2015.01.22"]
[Round "2"]
[White "Algeri, Lorenzo"]
[Black "Manfredi, Vincenzo"]
[WhiteElo "1855"]
[BlackElo "2246"]
[Result "1-0"]
[PlyCount "95"]
[EventDate "2015.01.15"]

1. e4 c5 2. c3 d6 3. d4 Nf6 4. dxc5 Nc6 5. cxd6 Nxe4 6. Nf3 Nxd6 7. Bf4 Bf5 8.
Ne5 Qa5 9. Nxc6 bxc6 10. Bxd6 exd6 11. Qf3 Qe5+ 12. Qe2 Qxe2+ 13. Bxe2 Be4 14.
O-O Be7 15. Nd2 Bg6 16. Bf3 Kd7 17. Nb3 Rab8 18. Rfe1 Bf6 19. Rad1 Kc7 20. Be4
Bh5 21. f3 Bh4 22. Re2 Rhe8 23. Red2 Rxe4 24. fxe4 Bxd1 25. Rxd1 a5 26. Rd4 Bd8
27. Rd2 a4 28. Nd4 Bg5 29. Re2 Kd7 30. e5 d5 31. e6+ fxe6 32. Nxe6 Bf6 33. Nc5+
Kd6 34. Nxa4 c5 35. Kf2 Ra8 36. b3 Rxa4 37. bxa4 Bxc3 38. Kf3 c4 39. Rc2 Bf6
40. a3 d4 41. Ke4 d3 42. Rd2 Bc3 43. Rd1 Kc5 44. g4 d2 45. Ke3 Kb6 46. Rxd2
Bxd2+ 47. Kxd2 Ka5 48. Kc3 1-0

[Event "C.to Provinciale GE"]
[Site "Genova ITA"]
[Date "2015.01.22"]
[Round "2"]
[White "Brun, Dario"]
[Black "Tripi, Nicolo'"]
[WhiteElo "2244"]
[BlackElo "1871"]
[Result "1-0"]
[PlyCount "63"]
[EventDate "2015.01.15"]

1. d4 Nf6 2. c4 e6 3. Nc3 c5 4. d5 exd5 5. cxd5 d6 6. e4 g6 7. f4 Bg7 8. Bb5+
Nbd7 9. e5 dxe5 10. fxe5 Nh5 11. e6 Qh4+ 12. g3 Nxg3 13. hxg3 Qxh1 14. Be3
Bxc3+ 15. bxc3 a6 16. exd7+ Bxd7 17. Bf1 Qe4 18. Kf2 O-O 19. Bxc5 Rfe8 20. Qd3
Qxd3 21. Bxd3 Re5 22. c4 b5 23. Nf3 Rh5 24. Bd4 bxc4 25. Bxc4 Rc8 26. Bb3 a5
27. Ne5 Bb5 28. a4 Ba6 29. Re1 Rh2+ 30. Kg1 Rd2 31. Nc6 Rxc6 32. Re8# 1-0

[Event "C.to Provinciale GE"]
[Site "Genova ITA"]
[Date "2015.01.22"]
[Round "2"]
[White "Buselli, Claudio"]
[Black "Milieni, Fabrizio"]
[WhiteElo "1627"]
[BlackElo "1654"]
[Result "1/2-1/2"]
[PlyCount "95"]
[EventDate "2015.01.15"]

1. d4 d5 2. c4 e6 3. Nf3 Nf6 4. Nc3 Nc6 5. Bg5 Bb4 6. e3 h6 7. Bh4 g5 8. Bg3
Ne4 9. Qc2 Nxg3 10. hxg3 Qe7 11. Nd2 dxc4 12. Bxc4 Bd7 13. a3 Bxc3 14. bxc3 f5
15. e4 f4 16. g4 Qf7 17. Be2 e5 18. d5 Ne7 19. Nc4 Qf6 20. f3 Ng6 21. Rb1 b6
22. Qd2 Nh4 23. Kf2 Kf7 24. Qa2 Kg7 25. Nb2 h5 26. Nd3 hxg4 27. fxg4 f3 28.
gxf3 Bxg4 29. Kg3 Bh5 30. Rbf1 Ng6 31. Qd2 Raf8 32. Rh2 Nf4 33. Nxf4 gxf4+ 34.
Kf2 Bg6 35. Rxh8 Rxh8 36. Ke1 Rh2 37. Qd1 Qg5 38. Kd2 Qg2 39. Kd3 Kf6 40. Qe1
Bh5 41. c4 Qg3 42. Qd1 Rf2 43. Rxf2 Qxf2 44. Kc3 Qe3+ 45. Kb2 Qf2 46. Qd3 Qc5
47. Kb3 Be8 48. Kb2 1/2-1/2

[Event "C.to Provinciale GE"]
[Site "Genova ITA"]
[Date "2015.01.22"]
[Round "2"]
[White "Dordoni, Riccardo"]
[Black "Cardino, Guido"]
[WhiteElo "1574"]
[BlackElo "1626"]
[Result "0-1"]
[PlyCount "54"]
[EventDate "2015.01.15"]

1. e4 c6 2. d4 d5 3. e5 Bf5 4. Nf3 e6 5. c3 Nd7 6. Bg5 Ne7 7. Nh4 Bg6 8. Nd2
Qc7 9. Bxe7 Bxe7 10. Nxg6 hxg6 11. f4 c5 12. Nf3 Qb6 13. Qc2 cxd4 14. Nxd4 Bc5
15. Bb5 a6 16. Qa4 Qd8 17. Bxd7+ Qxd7 18. Qc2 Rc8 19. Nb3 Be3 20. g3 Rc4 21.
Nd2 Bxd2+ 22. Qxd2 Re4+ 23. Kf2 Qb5 24. Rae1 Rxe1 25. Kxe1 Qa4 26. b3 Qe4+ 27.
Qe2 Qxh1+ 0-1

[Event "C.to Provinciale GE"]
[Site "Genova ITA"]
[Date "2015.01.22"]
[Round "2"]
[White "Mandolini, Alessandro"]
[Black "Traverso, Massimiliano"]
[WhiteElo "1716"]
[BlackElo "1953"]
[Result "0-1"]
[PlyCount "90"]
[EventDate "2015.01.15"]

1. c4 e5 2. g3 Nf6 3. Bg2 Nc6 4. Nc3 Bb4 5. Nf3 O-O 6. O-O e4 7. Ng5 Bxc3 8.
dxc3 Re8 9. Qc2 Qe7 10. Nh3 h6 11. Nf4 Qe5 12. Rd1 Ne7 13. Be3 c5 14. Nd5 Nexd5
15. cxd5 d6 16. Bf4 Qe7 17. c4 Bf5 18. Bd2 Ng4 19. Be1 Qd7 20. e3 Ne5 21. Bc3
Nf3+ 22. Kh1 Bh3 23. b4 Bxg2+ 24. Kxg2 Ng5 25. Kf1 Qh3+ 26. Ke2 b6 27. Qb2 Qg4+
28. Kd2 Nf3+ 29. Kc1 Rab8 30. h3 Qg5 31. a3 Rec8 32. b5 Re8 33. a4 Ra8 34. a5
f6 35. Qc2 Qf5 36. g4 Qg6 37. Kb2 Qf7 38. axb6 axb6 39. Rxa8 Rxa8 40. Qxe4 Ng5
41. Qf5 Qa7 42. h4 Qa2+ 43. Kc1 Qxc4 44. hxg5 Qxc3+ 45. Qc2 Ra1# 0-1

[Event "C.to Provinciale GE"]
[Site "Genova ITA"]
[Date "2015.01.22"]
[Round "2"]
[White "Mortola, Alberto"]
[Black "Saiano, Franco"]
[WhiteElo "1984"]
[BlackElo "1729"]
[Result "1/2-1/2"]
[PlyCount "106"]
[EventDate "2015.01.15"]

1. c4 Nf6 2. Nc3 e6 3. g3 d5 4. cxd5 exd5 5. d4 Bb4 6. a3 Bxc3+ 7. bxc3 O-O 8.
Bg2 Re8 9. Bg5 c6 10. Bxf6 Qxf6 11. Nf3 Qe7 12. O-O Bf5 13. Qb3 Qc7 14. Nh4 Bc8
15. Rfe1 Nd7 16. e4 dxe4 17. Bxe4 Nf6 18. Bd3 Rxe1+ 19. Rxe1 Be6 20. Qc2 Rd8
21. Nf3 h6 22. Rb1 b6 23. Re1 Qd6 24. Qa4 Qc7 25. Bf1 b5 26. Qc2 Qd6 27. a4 a6
28. axb5 axb5 29. Ra1 Qc7 30. Bg2 Bd5 31. Qb2 Rb8 32. Qa3 Qb7 33. Qa7 Ne4 34.
Ne5 Nxc3 35. Qxb7 Rxb7 36. Nxc6 Bxg2 37. Kxg2 b4 38. Na5 Rb5 39. Nb3 Kf8 40.
Ra7 g6 41. f4 Kg7 42. Kf3 h5 43. Ke3 Kf6 44. Kd3 Rb6 45. Kc4 Ke6 46. Nc5+ Kf5
47. Rxf7+ Kg4 48. Nb3 Ne4 49. Rf8 Kh3 50. Kd3 Nc3 51. f5 gxf5 52. Rxf5 Kxh2 53.
Rxh5+ Kxg3 {...} 1/2-1/2

[Event "C.to Provinciale GE"]
[Site "Genova ITA"]
[Date "2015.01.22"]
[Round "2"]
[White "Rivara, Massimo"]
[Black "Caputi, Giuliano"]
[WhiteElo "1760"]
[BlackElo "1889"]
[Result "1-0"]
[PlyCount "75"]
[EventDate "2015.01.15"]

1. e4 e5 2. Nc3 Nf6 3. Bc4 Nc6 4. d3 Na5 5. Nge2 d6 6. f4 Nxc4 7. dxc4 Be7 8.
Ng3 Be6 9. b3 c6 10. O-O Qa5 11. Bd2 Qc7 12. Nh5 O-O-O 13. f5 Bd7 14. Qe2 Nxh5
15. Qxh5 g6 16. Qf3 gxf5 17. exf5 f6 18. Bh6 Be8 19. Qh3 Rg8 20. Rf3 d5 21.
cxd5 cxd5 22. Rg3 Bc6 23. Rxg8 Rxg8 24. Re1 d4 25. Ne4 Bxe4 26. Rxe4 Qxc2 27.
Re1 Qxa2 28. Qf3 Bb4 29. Rc1+ Bc3 30. Qd5 Rd8 31. Qe6+ Kb8 32. Qxf6 Re8 33.
Qd6+ Ka8 34. Qd7 Rg8 35. Qd5 Re8 36. f6 Qa3 37. f7 Rf8 38. Qxe5 1-0

[Event "C.to Provinciale GE"]
[Site "Genova ITA"]
[Date "2015.01.22"]
[Round "2"]
[White "Serapiglia, Roberto"]
[Black "Falcone, Giancarlo"]
[WhiteElo "1897"]
[BlackElo "1854"]
[Result "1-0"]
[PlyCount "121"]
[EventDate "2015.01.15"]

1. e4 e6 2. d3 d5 3. Nd2 Nf6 4. Ngf3 Bc5 5. e5 Nfd7 6. d4 Bb6 7. Bd3 c5 8. c3
Nc6 9. dxc5 Nxc5 10. Bc2 Qc7 11. Qe2 Nd7 12. Ba4 O-O 13. O-O Ndxe5 14. Re1 Ng4
15. Rf1 f6 16. h3 Nge5 17. Re1 Bd7 18. Bc2 Rae8 19. Nf1 Nxf3+ 20. Qxf3 f5 21.
Nh2 Nd4 22. Qd1 Nxc2 23. Qxc2 d4 24. c4 e5 25. b4 a6 26. Bb2 Be6 27. c5 Ba7 28.
Rac1 Bd5 29. Qd2 Bb8 30. Nf1 Qc6 31. f4 Qh6 32. a3 Bc6 33. Qf2 e4 34. Bxd4 Qxf4
35. Qa2+ Kh8 36. Be3 Qe5 37. g3 Rd8 38. Rcd1 Qf6 39. Rxd8 Rxd8 40. Qf2 Rd3 41.
Bc1 Rf3 42. Qd2 h6 43. Bb2 Qe7 44. Qxh6+ Kg8 45. Qh5 Qc7 46. Qg5 Bb5 47. Rd1
Bd3 48. Qg6 Qf7 49. Qg5 Bc7 50. h4 Bxf1 51. Rd6 Bxd6 52. cxd6 Bb5 53. Be5 Rxa3
54. h5 e3 55. h6 e2 56. Kf2 Rb3 57. Bxg7 e1=Q+ 58. Kxe1 Rb1+ 59. Kf2 Qa2+ 60.
Bb2+ Kf7 61. Qf6+ 1-0

[Event "C.to Provinciale GE"]
[Site "Genova ITA"]
[Date "2015.01.22"]
[Round "2"]
[White "Silvestri, Giuseppe"]
[Black "Baggiani, Fabio"]
[WhiteElo "1877"]
[BlackElo "1782"]
[Result "1-0"]
[PlyCount "51"]
[EventDate "2015.01.15"]

1. d4 d6 2. c4 e5 3. dxe5 dxe5 4. Qxd8+ Kxd8 5. Nc3 Be6 6. Nf3 Nd7 7. e3 h6 8.
Be2 c6 9. O-O g5 10. Rd1 Kc7 11. b3 Ne7 12. Bb2 Rd8 13. Nxe5 Rg8 14. Nxd7 Rxd7
15. Ne4 Rxd1+ 16. Rxd1 Nf5 17. Nf6 Rg6 18. Bh5 Ne7 19. Be5+ Kc8 20. Bxg6 Nxg6
21. Bg3 Bg7 22. Ne8 Be5 23. Bxe5 Nxe5 24. Ng7 Bg4 25. f3 Bd7 26. Rd6 1-0

[Event "C.to Provinciale GE"]
[Site "Genova ITA"]
[Date "2015.01.22"]
[Round "2"]
[White "Virgilio, Gianluca"]
[Black "Cirabisi, Federico"]
[WhiteElo "1823"]
[BlackElo "2035"]
[Result "0-1"]
[PlyCount "52"]
[EventDate "2015.01.15"]

1. d4 d5 2. Nf3 e6 3. c4 c6 4. g3 Bd6 5. Bg2 Nd7 6. Qc2 f5 7. O-O Ngf6 8. b3
Ne4 9. Nbd2 O-O 10. Nxe4 fxe4 11. Ng5 Nf6 12. f3 h6 13. Nh3 e5 14. Be3 exf3 15.
exf3 Qe8 16. Nf2 Qh5 17. Rad1 Bf5 18. Qd2 Rae8 19. g4 Qh4 20. Qe1 exd4 21. Nh3
Qxe1 22. Rfxe1 dxe3 23. gxf5 e2 24. Rc1 Bb4 25. Nf4 Bd2 26. Nxe2 Bxc1 0-1

[Event "C.to Provinciale GE"]
[Site "Genova ITA"]
[Date "2015.01.29"]
[Round "3"]
[White "Algeri, Lorenzo"]
[Black "Serapiglia, Roberto"]
[WhiteElo "1855"]
[BlackElo "1897"]
[Result "1-0"]
[PlyCount "23"]
[EventDate "2015.01.15"]

1. e4 c5 2. c3 d5 3. exd5 Qxd5 4. d4 Nc6 5. Nf3 Bf5 6. Be2 cxd4 7. cxd4 Bxb1 8.
Rxb1 O-O-O 9. Bf4 Qe4 10. Qc1 e6 11. b4 b5 12. Ng5 1-0

[Event "C.to Provinciale GE"]
[Site "Genova ITA"]
[Date "2015.01.29"]
[Round "3"]
[White "Baggiani, Fabio"]
[Black "Mortola, Alberto"]
[WhiteElo "1782"]
[BlackElo "1984"]
[Result "0-1"]
[PlyCount "52"]
[EventDate "2015.01.15"]

1. d4 b5 2. e4 Bb7 3. Nd2 a6 4. Bd3 e6 5. f4 Nf6 6. Ngf3 c5 7. c3 Nc6 8. e5 Nd5
9. Ne4 cxd4 10. Nxd4 Nxd4 11. cxd4 Qa5+ 12. Bd2 Qb6 13. Nc5 Bxc5 14. dxc5 Qxc5
15. Rc1 Qd4 16. Qf3 Nb4 17. Qxb7 Nxd3+ 18. Ke2 Nxc1+ 19. Rxc1 O-O 20. Rc2 Rab8
21. Qxa6 Qe4+ 22. Kd1 Qxg2 23. Be1 Qf3+ 24. Kc1 Qxf4+ 25. Kb1 Qe4 26. Bg3 Rbc8
0-1

[Event "C.to Provinciale GE"]
[Site "Genova ITA"]
[Date "2015.01.29"]
[Round "3"]
[White "Caputi, Giuliano"]
[Black "Bertone, Carmelo"]
[WhiteElo "1889"]
[BlackElo "1492"]
[Result "1-0"]
[PlyCount "64"]
[EventDate "2015.01.15"]

1. e4 e5 2. Nf3 d6 3. d4 Nc6 4. dxe5 dxe5 5. Qxd8+ Nxd8 6. Nxe5 Bd6 7. Nf3 c6
8. Bc4 Be6 9. Bxe6 Nxe6 10. Nc3 Ne7 11. O-O O-O 12. Be3 Bc5 13. Bxc5 Nxc5 14.
Rad1 Rfe8 15. Nd4 a5 16. a4 Rab8 17. f3 Ne6 18. g3 Nxd4 19. Rxd4 f5 20. e5 c5
21. Rd7 Nc6 22. f4 Nd4 23. Rf2 h6 24. Nd5 Kf8 25. c3 Ne6 26. Nc7 g5 27. Nxe8
Rxe8 28. Rxb7 g4 29. Rd2 Rd8 30. Rxd8+ Nxd8 31. Ra7 Ne6 32. Rxa5 Ke7 1-0

[Event "C.to Provinciale GE"]
[Site "Genova ITA"]
[Date "2015.01.29"]
[Round "3"]
[White "Cirabisi, Federico"]
[Black "Brun, Dario"]
[WhiteElo "2035"]
[BlackElo "2244"]
[Result "0-1"]
[PlyCount "116"]
[EventDate "2015.01.15"]

1. Nf3 d5 2. g3 g6 3. Bg2 Bg7 4. d3 e5 5. Nbd2 Nc6 6. c3 Nge7 7. e4 O-O 8. O-O
h6 9. Re1 d4 10. cxd4 Nxd4 11. Nxd4 Qxd4 12. Nb3 Qd8 13. Be3 Nc6 14. Qd2 Kh7
15. Rac1 a5 16. Rxc6 bxc6 17. Nc5 Re8 18. f4 Rb8 19. b3 Rb5 20. f5 Qd6 21. Qf2
Rd8 22. Bh3 g5 23. a4 Rb4 24. Bf1 Bf8 25. Rc1 Rd4 26. Qd2 Rb4 27. Qf2 Qf6 28.
Bd2 Rdd4 29. Bxb4 Rxb4 30. Rc4 Rxc4 31. dxc4 Qd6 32. Nd3 c5 33. Qb2 f6 34. Qc3
Bb7 35. Qxa5 Bxe4 36. Qc3 Bb7 37. Bg2 Bxg2 38. Kxg2 Qc6+ 39. Kg1 Qf3 40. Qc2 e4
41. Ne1 Qxf5 42. a5 Qe6 43. a6 Qxa6 44. Qxe4+ Kh8 45. Qe8 Qd6 46. Nf3 Qe7 47.
Qxe7 Bxe7 48. Kg2 f5 49. Ne5 Kg7 50. Kf3 Bd6 51. Nd3 g4+ 52. Ke3 h5 53. b4 cxb4
54. c5 Be7 55. Kd4 b3 56. Kc3 h4 57. Kxb3 h3 58. Kc4 c6 0-1

[Event "C.to Provinciale GE"]
[Site "Genova ITA"]
[Date "2015.01.29"]
[Round "3"]
[White "Cutaia, Loris"]
[Black "Mereta, Carlo"]
[WhiteElo "1511"]
[BlackElo "1593"]
[Result "1/2-1/2"]
[PlyCount "107"]
[EventDate "2015.01.15"]

1. d4 e6 2. c4 d5 3. Nc3 c6 4. Nf3 Bd6 5. c5 Be7 6. Bf4 Nf6 7. h3 O-O 8. e3
Nbd7 9. Bd3 Re8 10. O-O b6 11. b4 bxc5 12. bxc5 Qa5 13. Na4 Ba6 14. Bxa6 Qxa6
15. Qb3 Bd8 16. Rfb1 Ba5 17. Nc3 Bxc3 18. Qxc3 Ne4 19. Qb4 f6 20. Qb7 Qxb7 21.
Rxb7 Nf8 22. Rab1 Nc3 23. R1b2 a6 24. R7b3 Ne4 25. Rb4 Nc3 26. a4 a5 27. R4b3
Ne4 28. Kf1 Ng6 29. Bh2 e5 30. Nd2 Nxd2+ 31. Rxd2 Re6 32. Rdb2 h6 33. Rb8+ Rxb8
34. Rxb8+ Kh7 35. Ra8 exd4 36. exd4 Re4 37. Rxa5 Rxd4 38. Ra6 Ne5 39. Bxe5 fxe5
40. a5 Ra4 41. Ke2 Ra3 42. Ra8 d4 43. Rc8 Rxa5 44. Rxc6 e4 45. Rd6 d3+ 46. Ke3
Rxc5 47. Kxe4 Rc2 48. Ke3 Re2+ 49. Kf3 Rd2 50. g4 Rd1 51. Ke3 Rh1 52. Rxd3
Rxh3+ 53. Ke4 Rxd3 54. Kxd3 1/2-1/2

[Event "C.to Provinciale GE"]
[Site "Genova ITA"]
[Date "2015.01.29"]
[Round "3"]
[White "Manfredi, Vincenzo"]
[Black "Buselli, Claudio"]
[WhiteElo "2246"]
[BlackElo "1627"]
[Result "1-0"]
[PlyCount "71"]
[EventDate "2015.01.15"]

1. Nf3 d5 2. c4 c6 3. d4 Nf6 4. Nc3 e6 5. Bg5 Nbd7 6. e3 Bd6 7. Qc2 O-O 8. a3
Qc7 9. c5 Be7 10. Bd3 Re8 11. Bf4 Qd8 12. g4 Nf8 13. g5 Nh5 14. h4 Nxf4 15.
exf4 Ng6 16. Bxg6 fxg6 17. h5 gxh5 18. Rxh5 g6 19. Rxh7 Kxh7 20. Ne5 Rg8 21. f3
Bxg5 22. Qh2+ Bh4+ 23. Ke2 Kg7 24. Rg1 Qf6 25. Rxg6+ Qxg6 26. Nxg6 Kxg6 27.
Qxh4 Bd7 28. Nd1 Kf7 29. Qh7+ Rg7 30. Qh5+ Kf6 31. Nf2 Rag8 32. Ng4+ Ke7 33.
Qh4+ Kf8 34. Qd8+ Be8 35. Nf6 Re7 36. Nxe8 1-0

[Event "C.to Provinciale GE"]
[Site "Genova ITA"]
[Date "2015.01.29"]
[Round "3"]
[White "Rivara, Massimo"]
[Black "Silvestri, Giuseppe"]
[WhiteElo "1760"]
[BlackElo "1877"]
[Result "0-1"]
[PlyCount "38"]
[EventDate "2015.01.15"]

1. e4 e5 2. Nc3 Nf6 3. Bc4 Bc5 4. d3 c6 5. Nge2 O-O 6. O-O d5 7. exd5 cxd5 8.
Bb3 h6 9. d4 exd4 10. Nxd4 Bg4 11. Qd3 Nc6 12. Nxc6 bxc6 13. h3 Bh5 14. Bf4 Bg6
15. Qf3 Nh5 16. Ne2 Qf6 17. g4 Be4 18. Qc3 Nxf4 19. Nxf4 Qxf4 0-1

[Event "C.to Provinciale GE"]
[Site "Genova ITA"]
[Date "2015.01.29"]
[Round "3"]
[White "Scarpati, Francesco"]
[Black "Dordoni, Riccardo"]
[WhiteElo "1606"]
[BlackElo "1574"]
[Result "0-1"]
[PlyCount "56"]
[EventDate "2015.01.15"]

1. e4 e6 2. d4 d5 3. e5 c5 4. c3 Qb6 5. Nf3 Nc6 6. Bd3 Bd7 7. Be2 cxd4 8. cxd4
Bb4+ 9. Nc3 Nge7 10. a3 Bxc3+ 11. bxc3 Nf5 12. O-O O-O 13. Bd3 Rac8 14. Bd2 Na5
15. g4 Ne7 16. h4 Nc4 17. Bxc4 Rxc4 18. Qc2 h6 19. Rfb1 Qc7 20. h5 f5 21. exf6
Rxf6 22. Ne5 Rxd4 23. Re1 Ba4 24. Qc1 Re4 25. Rxe4 dxe4 26. Bf4 Nd5 27. Ng6
Nxf4 28. Nxf4 Qxf4 0-1

[Event "C.to Provinciale GE"]
[Site "Genova ITA"]
[Date "2015.01.29"]
[Round "3"]
[White "Traverso, Massimiliano"]
[Black "Saiano, Franco"]
[WhiteElo "1953"]
[BlackElo "1729"]
[Result "1-0"]
[PlyCount "55"]
[EventDate "2015.01.15"]

1. e4 e5 2. Nf3 Nc6 3. d4 exd4 4. Nxd4 Bc5 5. Be3 Bxd4 6. Bxd4 Nf6 7. Nc3 O-O
8. Be3 Re8 9. Bd3 Ne5 10. O-O Nxd3 11. Qxd3 c6 12. Bg5 h6 13. Bh4 Qe7 14. f4
Qe6 15. e5 Qg4 16. Bxf6 gxf6 17. Ne4 Kh8 18. Nxf6 Qg6 19. Qxg6 fxg6 20. Nxe8 d5
21. exd6 Bf5 22. Nc7 Rd8 23. Rad1 Bxc2 24. Rd2 Bf5 25. Re1 Bd7 26. Re7 Kg8 27.
Ne6 Bxe6 28. Rxe6 1-0

[Event "C.to Provinciale GE"]
[Site "Genova ITA"]
[Date "2015.01.29"]
[Round "3"]
[White "Tripi, Nicolo'"]
[Black "Nosengo, Piero"]
[WhiteElo "1871"]
[BlackElo "1625"]
[Result "1-0"]
[PlyCount "73"]
[EventDate "2015.01.15"]

1. e4 c6 2. d4 d5 3. e5 Bf5 4. h4 h5 5. Nf3 e6 6. Be2 Be7 7. Bg5 Bxg5 8. Nxg5
Bg6 9. Nd2 Qb6 10. Nb3 Nd7 11. a4 a5 12. Bd3 Ne7 13. Bxg6 Nxg6 14. Qf3 Qb4+ 15.
Nd2 Qe7 16. Qe3 O-O-O 17. g3 Rdf8 18. O-O Nb6 19. Qc3 f6 20. Ngf3 fxe5 21. dxe5
Qb4 22. Qd3 Qg4 23. Qe3 Nc4 24. Nxc4 Rxf3 25. Nd6+ Kd7 26. Qg5 Qxg5 27. hxg5 h4
28. Nxb7 Nxe5 29. Rae1 Rf5 30. f4 Ng4 31. gxh4 Rxh4 32. Kg2 Nh2 33. Rh1 Rfxf4
34. Rxh2 Rhg4+ 35. Kh1 Rxg5 36. Nc5+ Kd6 37. Nxe6 1-0

[Event "C.to Provinciale GE"]
[Site "Genova ITA"]
[Date "2015.02.05"]
[Round "4"]
[White "Brun, Dario"]
[Black "Algeri, Lorenzo"]
[WhiteElo "2244"]
[BlackElo "1855"]
[Result "1-0"]
[PlyCount "112"]
[EventDate "2015.01.15"]

1. d4 d5 2. c4 e6 3. Nc3 Nf6 4. cxd5 exd5 5. Bg5 Be7 6. e3 O-O 7. Bd3 h6 8. Bh4
b6 9. Nge2 Bb7 10. O-O Ne4 11. Bxe7 Qxe7 12. Bxe4 dxe4 13. Ng3 f5 14. Rc1 Nd7
15. Qb3+ Qf7 16. Qxf7+ Rxf7 17. Nb5 a6 18. Nxc7 Rc8 19. Rc3 Nf8 20. Rfc1 Rd8
21. b4 g6 22. a4 Re7 23. Ne2 Kf7 24. h4 h5 25. Nf4 Red7 26. d5 Kf6 27. Nce6
Nxe6 28. dxe6 Rd1+ 29. Kh2 Rxc1 30. Rxc1 Rc8 31. Rd1 Bc6 32. Rc1 Bb7 33. Nd5+
Kxe6 34. Rxc8 Bxc8 35. Nxb6 Bb7 36. Kg3 Bc6 37. Kf4 Kf6 38. g3 Ke6 39. Kg5 Be8
40. a5 Kd6 41. Kf6 Kc7 42. Ke7 Bb5 43. Nd5+ Kc6 44. Nc3 Bc4 45. Kf6 Kd6 46.
Kxg6 Ke5 47. Kxh5 Kf6 48. Kh6 Bd3 49. b5 axb5 50. a6 b4 51. a7 bxc3 52. a8=Q c2
53. Qc6+ Kf7 54. Kg5 Kg7 55. Qc7+ Kf8 56. Kf6 c1=Q 1-0

[Event "C.to Provinciale GE"]
[Site "Genova ITA"]
[Date "2015.02.05"]
[Round "4"]
[White "Buselli, Claudio"]
[Black "Cutaia, Loris"]
[WhiteElo "1627"]
[BlackElo "1511"]
[Result "1-0"]
[PlyCount "73"]
[EventDate "2015.01.15"]

1. d4 d5 2. c4 e6 3. Nf3 Nf6 4. Bg5 Be7 5. Nc3 O-O 6. e3 Nbd7 7. Bd3 Re8 8. Qc2
dxc4 9. Bxc4 h6 10. Bh4 a6 11. O-O b5 12. Bd3 Bb7 13. e4 Rc8 14. Rad1 c5 15.
Qe2 cxd4 16. Nxd4 Nc5 17. Bb1 Qb6 18. Bxf6 Bxf6 19. e5 Be7 20. Qc2 Ne4 21. Qd3
Rxc3 22. bxc3 Rd8 23. Qe3 Ng5 24. f4 Nh7 25. Be4 Bxe4 26. Qxe4 Bc5 27. Kh1 b4
28. Nb3 Rxd1 29. Rxd1 bxc3 30. Nxc5 Qxc5 31. Qc2 Nf8 32. h3 Qe3 33. Rf1 Ng6 34.
Rf3 Qe1+ 35. Kh2 Nxf4 36. Rxf4 Qxe5 37. g3 1-0

[Event "C.to Provinciale GE"]
[Site "Genova ITA"]
[Date "2015.02.05"]
[Round "4"]
[White "Mandolini, Alessandro"]
[Black "Cristiani, Emanuele"]
[WhiteElo "1716"]
[BlackElo "1401"]
[Result "1-0"]
[PlyCount "77"]
[EventDate "2015.01.15"]

1. c4 Nf6 2. Nf3 e6 3. b3 d5 4. Bb2 Be7 5. cxd5 exd5 6. e3 O-O 7. Be2 c5 8. O-O
Nc6 9. d4 Re8 10. Nbd2 b6 11. Bb5 Bd7 12. Be2 Bf8 13. Re1 g6 14. Rc1 cxd4 15.
Nxd4 Nxd4 16. Bxd4 Ba3 17. Bxf6 Qxf6 18. Rc7 Rac8 19. Rxc8 Rxc8 20. Ne4 Qe5 21.
Qxd5 Qxd5 22. Nf6+ Kg7 23. Nxd5 Rc2 24. Bc4 b5 25. Bd3 Rd2 26. Be4 Be6 27. Nc7
Bd7 28. h3 Bb4 29. Rc1 Rxa2 30. Nd5 Bd6 31. Rd1 Be5 32. Nc3 Bxc3 33. Rxd7 a5
34. Bd5 Ra1+ 35. Kh2 Be5+ 36. f4 Bb2 37. Rxf7+ Kh6 38. g4 Rd1 39. g5+ 1-0

[Event "C.to Provinciale GE"]
[Site "Genova ITA"]
[Date "2015.02.05"]
[Round "4"]
[White "Mereta, Carlo"]
[Black "Falcone, Giancarlo"]
[WhiteElo "1593"]
[BlackElo "1854"]
[Result "0-1"]
[PlyCount "84"]
[EventDate "2015.01.15"]

1. e4 e6 2. d3 d5 3. Nd2 Nf6 4. g3 Bc5 5. Bg2 e5 6. Ngf3 dxe4 7. dxe4 O-O 8.
O-O Bg4 9. Re1 Qe7 10. c3 Rd8 11. Qc2 Nbd7 12. Nf1 Bb6 13. Be3 Nc5 14. Bxc5
Bxc5 15. Ne3 Rd7 16. Nc4 Bd6 17. Nxd6 Rxd6 18. Rad1 Rad8 19. Rxd6 Rxd6 20. h3
Bd7 21. Nd2 Be6 22. b3 Qd7 23. Nf3 Bxh3 24. Nxe5 Qe6 25. f4 Bxg2 26. Qxg2 Nh5
27. Qh2 g6 28. Qh4 f6 29. Nf3 Rd3 30. Kg2 Rxc3 31. f5 Rc2+ 32. Kh3 gxf5 33.
exf5 Qxf5+ 34. Qg4+ Qxg4+ 35. Kxg4 Ng7 36. Re7 Kf8 37. Rd7 h5+ 38. Kf4 Rc5 39.
Nd4 Rc1 40. Nb5 a6 41. Na3 Rf1+ 42. Ke4 Ne6 0-1

[Event "C.to Provinciale GE"]
[Site "Genova ITA"]
[Date "2015.02.05"]
[Round "4"]
[White "Nosengo, Piero"]
[Black "Milieni, Fabrizio"]
[WhiteElo "1625"]
[BlackElo "1654"]
[Result "0-1"]
[PlyCount "58"]
[EventDate "2015.01.15"]

1. e4 c5 2. d4 cxd4 3. c3 dxc3 4. Nxc3 e5 5. Bc4 d6 6. Qb3 Be6 7. Bxe6 fxe6 8.
Qxb7 Nd7 9. Nb5 Rc8 10. Bg5 Ngf6 11. Qxa7 Be7 12. Bxf6 Nxf6 13. Qa4 O-O 14. Rd1
Qb6 15. Qb3 d5 16. Nh3 Nxe4 17. O-O Bc5 18. Nc3 Nxf2 19. Qxb6 Nxh3+ 20. Kh1
Bxb6 21. gxh3 e4 22. a4 e3 23. Rxf8+ Kxf8 24. Kg2 d4 25. Ne2 Rc2 26. Kf3 Rd2
27. Rc1 d3 28. Nc3 Rf2+ 29. Kg3 Bc7+ 0-1

[Event "C.to Provinciale GE"]
[Site "Genova ITA"]
[Date "2015.02.05"]
[Round "4"]
[White "Pioli, Franco"]
[Black "Baggiani, Fabio"]
[WhiteElo "1589"]
[BlackElo "1782"]
[Result "0-1"]
[PlyCount "76"]
[EventDate "2015.01.15"]

1. d4 c5 2. c3 cxd4 3. cxd4 Nf6 4. Nc3 g6 5. Nf3 Bg7 6. e4 d6 7. Be2 O-O 8. O-O
b6 9. Rb1 Bb7 10. e5 dxe5 11. Nxe5 Nbd7 12. f4 e6 13. Be3 Nd5 14. Nxd5 Bxd5 15.
Qa4 Nf6 16. Rbc1 a6 17. a3 b5 18. Qd1 Ne4 19. Bf3 Qe7 20. Bxe4 Bxe4 21. Rc5
Rac8 22. Qe2 f6 23. Ng4 Bd5 24. Rfc1 Qb7 25. h3 Rfd8 26. Bd2 Bc4 27. Qe3 Rxc5
28. dxc5 Rd3 29. Qf2 h5 30. Ne3 f5 31. Bc3 Qe4 32. Bxg7 Kxg7 33. Nxc4 bxc4 34.
Re1 Qc6 35. Re5 Rd1+ 36. Kh2 Rd5 37. Qe3 Kf7 38. Kg3 Rd3 0-1